000 00749nam a22002417a 4500
001 35030
003 UA-OsUOA
005 20210809102955.0
007 ta
008 20051106b un ||||| |||| 00| 0 ukr d
020 _a9665460161
040 _aUA-OsUOA
_bukr
_cUA-OsUOA
_dUA-OsUOA
041 _aukr
080 _a340.13
090 _a340.13
_bУ-45
245 _aУкази президента України
_b1991-1994 за змінами та доповненнями станом на 1.01.1997
260 _aК.
_c1997
300 _a879 с.
505 _gТ.1
650 7 _a340 Право в цілому. Пропедевтика. Методи та допоміжні правничі науки
_2UDC
942 _cBK
_2udc
955 _a1
999 _c309614
_d309614